Sports Quiz

Random Sports or Football Quiz
Score 0/15 Timer 02:00
0 Plays Today
Hint Answer % Correct
Passing YardsTom Brady
99.3%
Passing YardsEli Manning
98.4%
Passing YardsRussell Wilson
98.2%
Passing YardsKirk Cousins
96.8%
Rushing YardsKareem Hunt
93.6%
Rushing YardsDevonta Freeman
93.1%
Receiving YardsT.Y. Hilton
93.1%
Rushing YardsTodd Gurley
92.9%
Hint Answer % Correct
Receiving YardsLarry Fitzgerald
92.2%
Rushing YardsJordan Howard
90.6%
Rushing YardsDeMarco Murray
89.7%
Receiving YardsStefon Diggs
88.8%
Passing YardsCase Keenum
87.9%
Receiving YardsPierre Garçon
74.6%
Receiving YardsChris Thompson
47.4%
Remove Ads.
Support Sporcle.
Get the best of Sporcle when you Go Orange. This ad-free experience offers more features, more stats, and more fun while also helping to support Sporcle. Thank you for becoming a member.

You're not logged in!

Compare scores with friends on all Sporcle quizzes.
OR
Log In

Sporcle TV

Today on Sporcle TV


Watch our educational content, quiz creation guides, and fun videos on Sporcle TV.

Show Comments

Extras

Top Quizzes Today


Score Distribution

Paid Content

Your Account Isn't Verified!

In order to create a playlist on Sporcle, you need to verify the email address you used during registration. Go to your Sporcle Settings to finish the process.

Report this User

Report this user for behavior that violates our Community Guidelines.

Details: